00390pam a2200133 a 4500020002400000040001600024041000800040100002200048245009100070260005200161300001000213600001200223700002100235 a9789380207032c0.00 aPDPU_382007 aeng aPrasad, Amar Nath aThe champions of indian fiction in englishcEd By Amar Nath Prasad And Jaya Srivastava aJaipurbSunrise Publishers & Distributorsc2009 a210p. aFiction aSrivastava, Jaya